000 00676nam a2200205Ia 4500
001 16895
003 GE_BSU
008 181216s||||||||xx |||||||||||||| ||und||
040 _cGE_BSU
080 _a821.161.1-32
100 _aტოლსტოი, ლ. (1828-1910)
245 _aკავკასიური მოთხრობები
245 _cთარგმანი და ბოლოსიტყვ. ე. უბილავასი
260 _aთბილისი
260 _bნაკადული
260 _c1968
300 _a440გვ. ; 22სმ
653 _aკავკასიური მოთხრობები
942 _cBK
999 _c49959
_d49959